MASYARAKAT DAN KEBUDAYAAN MALAYSIA : (Record no. 203903)
[ view plain ]
| 000 -LEADER | |
|---|---|
| fixed length control field | 01100nam a2200301 i 4500 |
| 005 - DATE AND TIME OF LATEST TRANSACTION | |
| control field | 20260419121723.0 |
| 008 - FIXED-LENGTH DATA ELEMENTS--GENERAL INFORMATION | |
| fixed length control field | 260419t20252001my o gr o001 0 may d |
| 020 ## - INTERNATIONAL STANDARD BOOK NUMBER | |
| International Standard Book Number | 9789836272270 |
| Terms of availability | RM52.00 |
| Qualifying information | paperback |
| 040 ## - CATALOGING SOURCE | |
| Original cataloging agency | PPAK |
| Language of cataloging | eng |
| Transcribing agency | PPAK |
| Description conventions | rda |
| 082 04 - DEWEY DECIMAL CLASSIFICATION NUMBER | |
| Edition number | 23 |
| Classification number | 306.09595 |
| 090 00 - LOCALLY ASSIGNED LC-TYPE CALL NUMBER (OCLC); LOCAL CALL NUMBER (RLIN) | |
| Classification number (OCLC) (R) ; Classification number, CALL (RLIN) (NR) | 306.09595 |
| Feature heading | AAZ |
| Feature heading | G |
| 100 0# - MAIN ENTRY--PERSONAL NAME | |
| Personal name | A. Aziz Deraman, |
| Titles and words associated with a name | Dato' Haji, |
| Dates associated with a name | 1948- |
| Relator term | author. |
| Fuller form of name | (Abdul Aziz Deraman) |
| 245 10 - TITLE STATEMENT | |
| Title | MASYARAKAT DAN KEBUDAYAAN MALAYSIA : |
| Remainder of title | Suatu Analisis Perkembangan Kebudayaan di Malaysia / |
| Statement of responsibility, etc. | A. AZIZ DERAMAN |
| 250 ## - EDITION STATEMENT | |
| Edition statement | Edisi Baharu |
| 264 #1 - PRODUCTION, PUBLICATION, DISTRIBUTION, MANUFACTURE, AND COPYRIGHT NOTICE | |
| Place of production, publication, distribution, manufacture | Kuala Lumpur : |
| Name of producer, publisher, distributor, manufacturer | Dewan Bahasa dan Pustaka, |
| Date of production, publication, distribution, manufacture, or copyright notice | 2025 |
| Date of production, publication, distribution, manufacture, or copyright notice | ©2001 |
| 300 ## - PHYSICAL DESCRIPTION | |
| Extent | xxii, 214 pages : |
| Other physical details | colour photographs ; |
| Dimensions | 22 cm |
| 336 ## - CONTENT TYPE | |
| Content type term | text |
| Source | rdacontent |
| 337 ## - MEDIA TYPE | |
| Media type term | unmediated |
| Source | rdamedia |
| 338 ## - CARRIER TYPE | |
| Carrier type term | volume |
| Source | rdacarrier |
| 500 ## - GENERAL NOTE | |
| General note | Includes index. |
| 504 ## - BIBLIOGRAPHY, ETC. NOTE | |
| Bibliography, etc. note | Bibliography: pages 201-206. |
| 650 10 - SUBJECT ADDED ENTRY--TOPICAL TERM | |
| Topical term or geographic name entry element | Culture |
| Geographic subdivision | Malaysia |
| Topical term or geographic name entry element | Government publications |
| Geographic subdivision | Malaysia |
| 651 #0 - SUBJECT ADDED ENTRY--GEOGRAPHIC NAME | |
| Geographic name | Malaysia |
| General subdivision | Social conditions |
| Geographic name | Malaysia |
| General subdivision | Cultural policy |
| 942 ## - ADDED ENTRY ELEMENTS (KOHA) | |
| Source of classification or shelving scheme | Dewey Decimal Classification |
| Koha item type | Book |
| Withdrawn | Not for loan | Current library | Shelving location | Date acquired | Total Checkouts | Full call number | Barcode | Date last seen | Koha item type |
|---|---|---|---|---|---|---|---|---|---|
| Perpustakaan Alor Setar | Pinjaman Dewasa | 21/04/2026 | 306.09595 AAZ | A01905518 | 21/04/2026 | Book | |||
| Perpustakaan Awam Sungai Petani | Pinjaman Dewasa | 21/04/2026 | 306.09595 AAZ | A01905519 | 21/04/2026 | Book | |||
| Perpustakaan Baling | Pinjaman Dewasa | 21/04/2026 | 306.09595 AAZ | A01905523 | 21/04/2026 | Book | |||
| Perpustakaan Bandar Baharu | Pinjaman Dewasa | 21/04/2026 | 306.09595 AAZ | A01905524 | 21/04/2026 | Book | |||
| Perpustakaan Jitra | Pinjaman Dewasa | 21/04/2026 | 306.09595 AAZ | A01905520 | 21/04/2026 | Book | |||
| Perpustakaan Kuala Nerang | Pinjaman Dewasa | 21/04/2026 | 306.09595 AAZ | A01905528 | 21/04/2026 | Book | |||
| Perpustakaan Kulim | Pinjaman Dewasa | 21/04/2026 | 306.09595 AAZ | A01905522 | 21/04/2026 | Book | |||
| Perpustakaan Langkawi | Pinjaman Dewasa | 21/04/2026 | 306.09595 AAZ | A01905521 | 21/04/2026 | Book | |||
| Perpustakaan Merbok | Pinjaman Dewasa | 21/04/2026 | 306.09595 AAZ | A01905525 | 21/04/2026 | Book | |||
| Perpustakaan Pendang | Pinjaman Dewasa | 21/04/2026 | 306.09595 AAZ | A01905529 | 21/04/2026 | Book | |||
| Perpustakaan Sik | Pinjaman Dewasa | 21/04/2026 | 306.09595 AAZ | A01905527 | 21/04/2026 | Book | |||
| Perpustakaan Yan | Pinjaman Dewasa | 21/04/2026 | 306.09595 AAZ | A01905526 | 21/04/2026 | Book | |||
| PD07, Kg. Jelutong, Sik | Pinjaman Dewasa | 21/04/2026 | 306.09595 AAZ | A01905530 | 21/04/2026 | Book | |||
| PD12, Kg. Padang, Baling | Pinjaman Dewasa | 21/04/2026 | 306.09595 AAZ | A01905531 | 21/04/2026 | Book | |||
| PD29, Kg. Gajah Putih, Sik | Pinjaman Dewasa | 21/04/2026 | 306.09595 AAZ | A01905532 | 21/04/2026 | Book | |||
| PD35, Kg. Sungai Daun, Yan | Pinjaman Dewasa | 21/04/2026 | 306.09595 AAZ | A01905533 | 21/04/2026 | Book |